000 01062nam a22003257a 4500
003 CHAP
005 20220329141802.0
008 971013s1979 r 00010 d
010 _a73802
011 _a74774
035 _a84333
040 _cCHAP
090 _aTesis
100 0 0 _aCárdenas Soriano, María de los Angeles.
_924100
245 _aGuía para el uso de briofitas en la enseñanza secundaria
260 _aMéxico, D.F. :
_bEl autor,
_c1979
300 _a55 h.
_b: apénd.
502 _aTesis (Biologo) -- Esc. Normal Superior de México
590 _aALEPH
_b10
_c20130110
_lUCH01
_h1417
590 _aBATCH-UPD
_b10
_c20130110
_lUCH01
_h0737
590 _aBATCH-UPD
_b10
_c20130410
_lUCH01
_h0420
590 _aBATCH-UPD
_b10
_c20130914
_lUCH01
_h0634
590 _aCONVERSION
_b10
_c20130109
_lUCH01
_h1340
650 1 4 _aBiología
_xEstudio y enseñanza.
_912782
650 1 4 _aBriofitas.
_915379
901 _aBK
942 _cLIBRO
949 _bBC
_cTES
_d-39601
_eLIBRO
_h23429
_i84333
_si
949 _bBC
_cTES
_d-39603
_eLIBRO
_fc.2
_h23430
_i84333
_si
999 _c73802
_d73802